Perfil de los viajeros motivados por compras : argentinos que viajan a Chile /

Detalles Bibliográficos
Autor principal: Gutauskas, Fabiana Andrea
Otros Autores: Tamagni, Lucía Isabel
Formato: Artículo
Lenguaje:Espa�ol
Materias:
Acceso en línea:Portal de Promoción y Difusión Pública del Conocimiento Académico y Científico de la Facultad de Ciencias Económicas y Sociales de la Universidad Nacional de Mar del Plata.
Etiquetas: Agregar Etiqueta
Sin Etiquetas, Sea el primero en etiquetar este registro!

MARC

LEADER 00000nab a22000005a 4500
001 AR-BbUGT10145
003 AR-BbUGT
005 20210628163829.0
007 ta
008 190701s2017 ag |||p |||| 00| 0|spa d
999 |c 15819  |d 15819 
040 |a AR-BbUGT  |c AR-BbUGT 
041 1 |a spa  |b eng  |h spa 
100 1 |a Gutauskas, Fabiana Andrea. 
245 1 0 |a Perfil de los viajeros motivados por compras :   |b argentinos que viajan a Chile /   |c Fabiana Andrea Gutauskas y Lucía Isabel Tamagni. 
300 |a p. 55-71 
520 3 |a El turismo de compras es una modalidad que en la actualidad se ha convertido en un componente importante de la experiencia de viaje total y, en algunos casos, la motivación principal. Los viajes a Chile por compras por parte de los residentes de Argentina, en general, y de las provincias de Neuquén y Río Negro, en particular, se han intensificado en los últimos años, lo que conlleva a una baja en las ventas de productos y servicios, situación que preocupa al sector comercial y de servicios de las principales ciudades de ambas provincias. El objetivo de este estudio fue profundizar en el conocimiento del comportamiento del viajero hacia Chile por compras, identificando perfiles y subsegmentos dentro de la tipología. Se identificaron cuatro segmentos de mercado. Los resultados de este trabajo permitirán al sector de gobierno y comercial de las ciudades en estudio, adecuar sus estrategias y tácticas de marketing para mitigar la situación. 
651 4 |a Chile  |9 568 
653 |a Turismo de compras 
653 |a Perfil de turista 
653 |a Comportamiento del consumidor 
653 |a Segmentación 
700 1 |a Tamagni, Lucía Isabel. 
773 0 |t Faces  |x 0328-4050  |d Mar del Plata : Facultad de Ciencias Económicas y Sociales, [1995] - .  |w AR-BbUGT7150  |g Vol. 23, no. 49 (jul. - dic. 2017), p. 55-71  |q 23:49:55<71 
856 4 1 |3 Texto completo.   |y Portal de Promoción y Difusión Pública del Conocimiento Académico y Científico de la Facultad de Ciencias Económicas y Sociales de la Universidad Nacional de Mar del Plata.  |u http://nulan.mdp.edu.ar/2780/ 
942 |c ARTPP  |2 ddc